El pensamiento jurídico contemporáneo

Сохранить в:
Библиографические подробности
Главный автор: Robles, Gregorio (Автор)
Формат:
Язык:испанский
Опубликовано: Madrid Debate 1992
Серии:Serie de Derecho
Предметы:
Метки: Добавить метку
Нет меток, Требуется 1-ая метка записи!

MARC

LEADER 00000nam a2200000 a 4500
001 UCV3513
003 CL-VaPUC
008 930819e19920000SP |||||||||||||||||spa|d
082 0 4 |a 340.1  |b ROB  |2 21 
100 0 |a Robles, Gregorio  |e author  |9 297755 
245 1 3 |a El pensamiento jurídico contemporáneo 
300 |a 449 p 
942 |c BK 
945 |d 19930819 00:00:00 
260 |a Madrid  |b Debate  |c 1992 
650 0 |a Filosofía del derecho   |9 255050 
583 |a last modification  |c 20140827 05:30:17  |k Rodrigo Vera 
490 0 |a Serie de Derecho 
999 |c 210689  |d 210687 
952 |0 0  |1 0  |4 0  |6 340_100000000000000_ROB_1992  |7 0  |8 DER_TF  |9 187115  |a BIBDER  |b BIBDER  |d 2019-11-14  |i 2548186  |l 2  |o 340.1 ROB 1992  |p 2548186  |r 2023-01-25  |s 2020-03-17  |w 2019-11-14  |x Ubicación 4to Piso  |y BK  |z Estos recursos deben solicitarse con anticipación  |k DER